000 01042nam a2200229Ia 4500
003 Ost
005 20260507075321.0
008 260507s9999||||xx |||||||||||||| ||und||
020 _a33532299579
040 _cfsecg
041 _aara
082 _a332.6
100 _aعطا الله، ماجد أحمد
_eمؤلف
245 0 _aإدارة الإستثمار /
_c ماجد أحمد عطا الله
260 _aعمان:
_bدار أسامة للنشر والتوزيع,
_c2011
300 _a232 صفحة؛
_bإيضاحات ؛
_c25 سم
504 _aببليوغرافيا: ص.231-232
520 _aإدارة و أساليب و تخطيط و مخاطر الاستثمار، الاستثمار الأجنبي، المحافظ الاستثمارية، الأسولق المالية، الاستثمار في العمليات المصرفية و النقدية، الاستثمار في البورصات و نظام الفوركس
653 _aالإستثمار
653 _aالإستثمار ــ إدارة
942 _cكتاب
999 _c43927
_d43927